| 000 | 00532nam a22001575a 4500 | ||
|---|---|---|---|
| 020 | _a0618604499 (main ap student text) | ||
| 082 |
_a320.3321 _bKES _cN,01,P-156 |
||
| 100 | 1 |
_aKesselman, Mark. _942721 |
|
| 245 | 1 | 0 |
_aIntroduction to comparative politics / _cMark Kesselman, Joel Krieger, William A. Joseph. |
| 250 | _a4th ed. | ||
| 260 |
_aBoston, MA : _bHoughton Mifflin Co., |
||
| 300 |
_axxviii,700P _bill _c26 CM |
||
| 526 |
_a0 _b0 _c0 _d320_332100000000000_KES |
||
| 526 |
_a0 _b0 _c0 _d320_332100000000000_KES |
||
| 942 |
_2ddc _cBK |
||
| 999 |
_c546570 _d546570 |
||